000 00503nam a22001817a 4500
005 20251108171250.0
008 250721s1983 xx 000 0 ara d
082 1 4 _aم/664/محم
100 1 _aالجندي، محمد مختار
245 1 0 _aالغذاء و التغذية /
250 _aط4
264 1 _aالقاهره :
_bدار الفكر العربي،
_c1983.
300 _a
650 1 7 _aصناعة الأغذية
650 1 7 _aالتغذية
942 _2ddc
_cREF
999 _c60823
_d60823